[Event "San Jose Metropolitano U14 op 45th"]
[Site "San Jose"]
[Date "2024.12.29"]
[Round "7"]
[White "Gonzalez Perez, Osvaldo Andres"]
[Black "Morales Vasquez, Thiago Marcel"]
[Result "0-1"]
[WhiteElo "1636"]
[BlackElo "1615"]
[PlyCount "70"]
[EventDate "2024.12.27"]
[EventType "tourn"]
[EventRounds "9"]
[EventCountry "CRI"]
[SourceTitle "CB02_2025"]
[SourceDate "2025.01.08"]
[SourceVersion "1"]
[SourceVersionDate "2025.01.08"]
[SourceQuality "1"]

1. d4 Nf6 2. Nc3 e6 3. Bg5 d5 4. e4 Be7 5. e5 Ne4 6. Bxe7 Nxc3 7. Bxd8 Nxd1 8. Rxd1 Kxd8 9. c4 Nc6 10. a3 a5 11. cxd5 exd5 12. Nf3 Ke7 13. Bb5 Be6 14. Bxc6 bxc6 15. 0-0 Rab8 16. Rc1 Kd7 17. Rc5 Rb5 18. Rfc1 Rxc5 19. Rxc5 Rb8 20. Rxa5 Rxb2 21. h3 Rb5 22. Ra8 c5 23. a4 Rb1+ 24. Kh2 cxd4 25. Nxd4 c5 26. Nxe6 fxe6 27. a5 Ra1 28. a6 c4 29. a7 c3 30. Rg8 c2 31. Rxg7+ Kc6 32. Rg8 Rxa7 33. Rc8+ Rc7 34. Rd8 c1Q 35. Rd6+ Kb7 0-1

[Event "San Jose Metropolitano U14 op 45th"]
[Site "San Jose"]
[Date "2024.12.28"]
[Round "5"]
[White "Gonzalez Perez, Osvaldo Andres"]
[Black "Berzosa Madriz, Hector Julian"]
[Result "1-0"]
[WhiteElo "1636"]
[BlackElo "1510"]
[PlyCount "29"]
[EventDate "2024.12.27"]
[EventType "tourn"]
[EventRounds "9"]
[EventCountry "CRI"]
[SourceTitle "CB02_2025"]
[SourceDate "2025.01.08"]
[SourceVersion "1"]
[SourceVersionDate "2025.01.08"]
[SourceQuality "1"]

1. d4 Nf6 2. Nc3 g6 3. e4 Bg7 4. e5 Ng8 5. Be3 Nc6 6. f4 b6 7. Nf3 Bb7 8. d5 Nb8 9. Bd3 e6 10. d6 cxd6 11. Nb5 Bf8 12. exd6 Bxf3 13. Nc7+ Qxc7 14. dxc7 Bxd1 15. c8Q+ 1-0